Meistgeflogene Flugrouten - Statistiken

Allgemein
  • Dieses Quiz wurde 141 mal gespielt
  • Das Durchschnittsergebnis liegt bei 14 aus 20
Antwortstatistiken
Passagiere pro Jahr Südkorea - Südkorea % Korrekt
7.500.000 Tokio
97%
7.500.000 Tokio
97%
6.600.000 Tokio
97%
9.900.000 Seoul
95%
7.600.000 Rio de Janeiro
92%
6.600.000 Peking
83%
7.600.000 São Paulo
82%
4.500.000 Johannesburg
79%
7.000.000 Sydney
79%
4.500.000 Kapstadt
78%
6.600.000 Shanghai
77%
7.000.000 Melbourne
74%
4.300.000 Mumbai
73%
7.500.000 Osaka
71%
6.200.000 Taipeh
70%
4.300.000 Delhi
64%
6.200.000 Hongkong
62%
7.500.000 Sapporo
42%
9.900.000 Jeju
17%
6.600.000 Fukushima
3%
Keine übereinstimmenden Quizze gefunden
Verteilung der Resultate
Anzahl Personen mit jedem Resultat
Perzentil nach korrekt beantworteten Fragen
Ihre Resultats-Entwicklung
Sie haben dieses Quiz noch nicht gespielt